Mechanics of fluids; (3rd ed.) (Record no. 82834)
[ view plain ]
| 000 -LEADER | |
|---|---|
| fixed length control field | 02115nam a2200277 a 4500 |
| 008 - FIXED-LENGTH DATA ELEMENTS--GENERAL INFORMATION | |
| fixed length control field | 120416s1979 ||||||||||||||||| || u |
| 020 ## - INTERNATIONAL STANDARD BOOK NUMBER | |
| International Standard Book Number | 0582444950 |
| 050 ## - LIBRARY OF CONGRESS CALL NUMBER | |
| Classification number | QC 145.2 Wal |
| 100 ## - MAIN ENTRY--PERSONAL NAME | |
| Personal name | Walshaw, A. C |
| 245 10 - TITLE STATEMENT | |
| Title | Mechanics of fluids; (3rd ed.) |
| 250 ## - EDITION STATEMENT | |
| Edition statement | 3rd ed. |
| 260 ## - PUBLICATION, DISTRIBUTION, ETC. | |
| Place of publication, distribution, etc. | London |
| Name of publisher, distributor, etc. | Longman |
| Date of publication, distribution, etc. | 1979 |
| 300 ## - PHYSICAL DESCRIPTION | |
| Extent | xvii, 599p. : ill |
| 350 ## - | |
| -- | 0.00 |
| 995 ## - | |
| -- | BINDERY (DAMAGED) |
| -- | 0.00 |
| -- | 715390 |
| -- | CBU-MAIN LIBRARY (Kitwe) |
| -- | 1 |
| -- | 12.95 |
| -- | QC 145.2 Wal |
| -- | 1 |
| -- | DAMAGED |
| -- | 012125 |
| -- | Main Library Open Access Collection |
| 995 ## - | |
| -- | TEXTBOOKS (SBE) |
| -- | 0.00 |
| -- | 20232 |
| -- | CBU-SCHOOL TEXTBOOK COLLECTIONS |
| -- | 1 |
| -- | 0.00 |
| -- | SCHOOL TEXTBOOK |
| -- | 9 |
| -- | AVAILABLE |
| -- | Nov 24, 2008 |
| -- | 20232 |
| -- | School Collections |
| 995 ## - | |
| -- | TEXTBOOKS (SBE) |
| -- | 0.00 |
| -- | 20230 |
| -- | CBU-SCHOOL TEXTBOOK COLLECTIONS |
| -- | 1 |
| -- | 0.00 |
| -- | SCHOOL TEXTBOOK |
| -- | 7 |
| -- | AVAILABLE |
| -- | Nov 24, 2008 |
| -- | 20230 |
| -- | School Collections |
| 995 ## - | |
| -- | TEXTBOOKS (SBE) |
| -- | 0.00 |
| -- | 20239 |
| -- | CBU-SCHOOL TEXTBOOK COLLECTIONS |
| -- | 1 |
| -- | 0.00 |
| -- | SCHOOL TEXTBOOK |
| -- | 6 |
| -- | AVAILABLE |
| -- | Nov 24, 2008 |
| -- | 20239 |
| -- | School Collections |
| 995 ## - | |
| -- | TEXTBOOKS (SBE) |
| -- | 0.00 |
| -- | 20238 |
| -- | CBU-SCHOOL TEXTBOOK COLLECTIONS |
| -- | 1 |
| -- | 0.00 |
| -- | SCHOOL TEXTBOOK |
| -- | 5 |
| -- | AVAILABLE |
| -- | Nov 24, 2008 |
| -- | 20238 |
| -- | School Collections |
| 995 ## - | |
| -- | TEXTBOOKS (SBE) |
| -- | 0.00 |
| -- | 20235 |
| -- | CBU-SCHOOL TEXTBOOK COLLECTIONS |
| -- | 1 |
| -- | 0.00 |
| -- | SCHOOL TEXTBOOK |
| -- | 11 |
| -- | AVAILABLE |
| -- | Nov 24, 2008 |
| -- | 20235 |
| -- | School Collections |
| 995 ## - | |
| -- | TEXTBOOKS (SBE) |
| -- | 0.00 |
| -- | 20237 |
| -- | CBU-SCHOOL TEXTBOOK COLLECTIONS |
| -- | 1 |
| -- | 0.00 |
| -- | SCHOOL TEXTBOOK |
| -- | 4 |
| -- | AVAILABLE |
| -- | Nov 24, 2008 |
| -- | 20237 |
| -- | School Collections |
| 995 ## - | |
| -- | TEXTBOOKS (SBE) |
| -- | 0.00 |
| -- | 20225 |
| -- | CBU-SCHOOL TEXTBOOK COLLECTIONS |
| -- | 1 |
| -- | 0.00 |
| -- | SCHOOL TEXTBOOK |
| -- | 2 |
| -- | AVAILABLE |
| -- | Nov 24, 2008 |
| -- | 20225 |
| -- | School Collections |
| 995 ## - | |
| -- | TEXTBOOKS (SBE) |
| -- | 0.00 |
| -- | 20233 |
| -- | CBU-SCHOOL TEXTBOOK COLLECTIONS |
| -- | 1 |
| -- | 0.00 |
| -- | SCHOOL TEXTBOOK |
| -- | 10 |
| -- | AVAILABLE |
| -- | Nov 24, 2008 |
| -- | 20233 |
| -- | School Collections |
| 995 ## - | |
| -- | TEXTBOOKS (SBE) |
| -- | 0.00 |
| -- | 20226 |
| -- | CBU-SCHOOL TEXTBOOK COLLECTIONS |
| -- | 1 |
| -- | 0.00 |
| -- | SCHOOL TEXTBOOK |
| -- | 3 |
| -- | AVAILABLE |
| -- | Nov 24, 2008 |
| -- | 20226 |
| -- | School Collections |
| 995 ## - | |
| -- | TEXTBOOKS (SBE) |
| -- | 0.00 |
| -- | 20231 |
| -- | CBU-SCHOOL TEXTBOOK COLLECTIONS |
| -- | 1 |
| -- | 0.00 |
| -- | SCHOOL TEXTBOOK |
| -- | 8 |
| -- | AVAILABLE |
| -- | Nov 24, 2008 |
| -- | 20231 |
| -- | School Collections |
| 999 ## - | |
| -- | 82834 |
| -- | 82834 |
| Withdrawn status | Lost status | Source of classification or shelving scheme | Damaged status | Not for loan | Permanent Location | Current Location | Shelving location | Date acquired | Total Checkouts | Full call number | Barcode | Date last seen | Copy number | Price effective from | Koha item type |
|---|---|---|---|---|---|---|---|---|---|---|---|---|---|---|---|
| CBU-MAIN LIBRARY, KITWE. | CBU-MAIN LIBRARY, KITWE. | 09/29/2023 | QO145.2 Wal | 012125 | 09/29/2023 | 1 | 09/29/2023 | MONOGRAPH | |||||||
| CBU-SCHOOL TEXT BOOK COLLECTION | CBU-SCHOOL TEXT BOOK COLLECTION | 09/29/2023 | SCHOOL TEXTBOOK | 20232 | 09/29/2023 | 2 | 09/29/2023 | MONOGRAPH | |||||||
| CBU-SCHOOL TEXT BOOK COLLECTION | CBU-SCHOOL TEXT BOOK COLLECTION | 09/29/2023 | SCHOOL TEXTBOOK | 20230 | 09/29/2023 | 3 | 09/29/2023 | MONOGRAPH | |||||||
| CBU-SCHOOL TEXT BOOK COLLECTION | CBU-SCHOOL TEXT BOOK COLLECTION | 09/29/2023 | SCHOOL TEXTBOOK | 20239 | 09/29/2023 | 4 | 09/29/2023 | MONOGRAPH | |||||||
| CBU-SCHOOL TEXT BOOK COLLECTION | CBU-SCHOOL TEXT BOOK COLLECTION | 09/29/2023 | SCHOOL TEXTBOOK | 20238 | 09/29/2023 | 5 | 09/29/2023 | MONOGRAPH | |||||||
| CBU-SCHOOL TEXT BOOK COLLECTION | CBU-SCHOOL TEXT BOOK COLLECTION | 09/29/2023 | SCHOOL TEXTBOOK | 20235 | 09/29/2023 | 6 | 09/29/2023 | MONOGRAPH | |||||||
| CBU-SCHOOL TEXT BOOK COLLECTION | CBU-SCHOOL TEXT BOOK COLLECTION | 09/29/2023 | SCHOOL TEXTBOOK | 20237 | 09/29/2023 | 7 | 09/29/2023 | MONOGRAPH | |||||||
| CBU-SCHOOL TEXT BOOK COLLECTION | CBU-SCHOOL TEXT BOOK COLLECTION | 09/29/2023 | SCHOOL TEXTBOOK | 20225 | 09/29/2023 | 8 | 09/29/2023 | MONOGRAPH | |||||||
| CBU-SCHOOL TEXT BOOK COLLECTION | CBU-SCHOOL TEXT BOOK COLLECTION | 09/29/2023 | SCHOOL TEXTBOOK | 20233 | 09/29/2023 | 9 | 09/29/2023 | MONOGRAPH | |||||||
| CBU-SCHOOL TEXT BOOK COLLECTION | CBU-SCHOOL TEXT BOOK COLLECTION | 09/29/2023 | SCHOOL TEXTBOOK | 20226 | 09/29/2023 | 10 | 09/29/2023 | MONOGRAPH | |||||||
| CBU-SCHOOL TEXT BOOK COLLECTION | CBU-SCHOOL TEXT BOOK COLLECTION | 09/29/2023 | SCHOOL TEXTBOOK | 20231 | 09/29/2023 | 11 | 09/29/2023 | MONOGRAPH |